000 00852cab a2200265 4500
001 WB3514-14
008 090401t1999 xxu||||| |||| 00| 0 eng d
035 _a(Sirsi) u92724
041 _aeng
245 _aTough line to boost renewable energy
260 _c1999
350 _a0
490 _aPlanning (for the Natural and Built Environment)
_v(1313) 9 April 1999, 1&3(1)
520 _aPlanning authorities which prevent wind farms are criticised by government in a new DTI consultation paper.
650 _aCONSULTATION PAPER
650 _aDTI
650 _aNEW AND RENEWABLE ENERGY - PROSPECTS FOR THE 21ST CENTURY
650 _aPLANNING AUTHORITIES
650 _aPLANNING SYSTEM
650 _aRENEWABLE ENERGY
650 _aWIND FARMS
690 _aENVIRONMENTAL AND LAND CONSULTANCY-ENERGY
942 _n0
948 _c14/04/1999
999 _c58767
_d58767